| 000 | 00491cam a2200169 a 4500 | ||
|---|---|---|---|
| 020 | _a0697257983 | ||
| 040 | _cDLC | ||
| 082 | 0 | 0 | _a612 BOR 1997 A043 Or. |
| 100 | 1 | _aPowers, Scott K. | |
| 245 | 1 | 0 |
_aExercise physiology : _btheory and application to fitness and performance / |
| 250 | _a3rd ed. | ||
| 260 |
_aMadison : _bBrown & Benchmark Publishers, _cc1997. |
||
| 300 |
_axvii, 522 p. : _bill. (some col.) ; _c29 cm. |
||
| 650 | 0 | _aExercise | |
| 700 | 1 | _aHowley, Edward T., | |
| 942 | _cEK | ||
| 999 |
_c12651 _d12651 |
||